| 000 | 00780nam a2200205 a 4500 | ||
|---|---|---|---|
| 001 | 000003665 | ||
| 005 | 20200929150525.0 | ||
| 008 | 131204s1973 sp 000 0 spa d | ||
| 040 |
_aDO-SdBNP _bspa _cBNPHU |
||
| 100 | 1 |
_aBrion, Marcel, _d1895-1984 _911233 |
|
| 240 | 1 | 0 | _aL´Allemagne romantique II/ |
| 245 | 1 | 3 |
_aLa Alemania Romántica II : _bNovalis Hoffmann, Jean Paul / _cMarcel Brion ; traducción de María Luz Melcón. |
| 260 |
_aBarcelona : _bBarral editores, _c1973. |
||
| 300 |
_a355 p. ; _c20 cm. |
||
| 490 | 1 |
_aBreve Biblioteca de Respuesta ; _v82 ; |
|
| 504 | _aIncluye referencias bibliográficas y notas al pie de las páginas | ||
| 590 | _aInventariado, 2019/ YL | ||
| 700 | 1 |
_aMelcón, María Luz _etr. _911234 |
|
| 830 | 0 |
_aBreve Biblioteca de Respuesta _v82 _911235 |
|
| 999 |
_c3488 _d3488 |
||